José Miguel Carrera
保存先:
| 第一著者: | |
|---|---|
| フォーマット: | 図書 |
| 言語: | スペイン語 |
| 出版事項: |
Santiago
Orbe
1974
|
| シリーズ: | Chile en su Historia
|
| 主題: | |
| タグ: |
タグ追加
タグなし, このレコードへの初めてのタグを付けませんか!
|
MARC
| LEADER | 00000nam a2200000 a 4500 | ||
|---|---|---|---|
| 001 | UCP7983 | ||
| 003 | CL-VaPUC | ||
| 008 | 000106e19740000CL |||||||||||||||||spa|d | ||
| 082 | 0 | 4 | |a 923.5 |b CAM |2 21 |
| 100 | 0 | |a Campos Harriet, Fernando |e author |9 437756 | |
| 245 | 1 | 0 | |a José Miguel Carrera |
| 300 | |a 115 p | ||
| 942 | |c BK | ||
| 945 | |d 20000106 00:00:00 |a rherrera | ||
| 260 | |a Santiago |b Orbe |c 1974 | ||
| 600 | 0 | |a Carrera, José Miguel |9 316043 | |
| 650 | 0 | |a Biografías |9 255210 | |
| 650 | 7 | |a CAUDILLOS |2 CL-VaPUC |9 406764 | |
| 650 | 0 | |a Militares |9 336881 | |
| 650 | 0 | |a Vida y obra |9 311871 | |
| 650 | 7 | |a EMANCIPACION |2 CL-VaPUC |9 414261 | |
| 651 | 7 | |a CHILE |2 CL-VaPUC |9 437757 | |
| 583 | |a last modification |c 20000106 00:00:00 |k Rodrigo Vera | ||
| 490 | 0 | |a Chile en su Historia | |
| 999 | |c 285019 |d 285017 | ||
| 952 | |0 0 |1 0 |4 0 |6 923_500000000000000_CAM_1974 |7 0 |8 A |9 329366 |a BIBHIS |b BIBHIS |d 2019-11-20 |i 1377116 |o 923.5 CAM 1974 |p 1377116 |r 2025-01-20 |w 2019-11-20 |y BK |k HIS | ||
| 952 | |0 0 |1 0 |4 0 |6 923_500000000000000_CAM_1974 |7 0 |8 A |9 329367 |a BIBHIS |b BIBHIS |d 2019-11-20 |i 4449991 |o 923.5 CAM 1974 |p 4449991 |r 2025-01-20 |w 2019-11-20 |y BK |k HIS | ||